000 00689cam a22002054a 4500
001 740465
005 20241112094343.0
008 990205s2000 njua b 001 0 eng
020 _a0137419503
050 0 0 _aTA351
_b.S25 2000
082 0 0 _a620.1/03
_221
100 1 _aSalter, Graham R.
245 1 0 _aComputer-aided statics and strength of materials /
_cGraham R. Salter.
260 _aUpper Saddle River, N.J. :
_bPrentice Hall,
_cc2000.
300 _axi, 675 p. :
_bill. ;
_c25 cm. +
_e1 computer laser optical disc (4 3/4 in.)
650 0 _aStatics
_xData processing.
650 0 _aStrength of materials
_xData processing.
650 0 _aComputer-aided engineering.
942 _2lcc
_cBK
_n0
999 _c1045
_d1045